Les 10 villes de Suisse les plus peuplées commençant par B - Statistiques

Statistiques générales
  • Ce quiz a été pris 20 fois
  • Le résultat moyen est 4 sur 10
Statistiques - réponses
# Ville Population % Correct
2 Berne 126.988
100%
1 Bâle 176.329
89%
3 Bienne 55.932
58%
8 Baden 23.587
37%
4 Bellinzone 44.743
37%
5 Bulle 26.749
37%
6 Baar 24.973
16%
9 Berthoud 17.119
16%
7 Bülach 24.186
11%
10 Binningen 15.664
5%
Aucun quiz correspondant
Distribution des résultats
% des personnes avec chaque résultat
Percentile par nombre de réponses
Votre historique - résultats
Vous n’avez pas pris ce quiz